Akcionernyje obščestva: suščnost' i pervyj opyt.

Podstata účastinnej spoločnosti, účastinného kapitálu, dividend, obligácií. Charakteristika riadenia účastinnej spoločnosti, úlohy a zainteresovanosti manažérov. Zakladanie a rozvoj účastinných firiem v ZSSR. Sociálno-ekonomická a technická zložitosť premeny štátnych podnikov na účastinné spoločnost...

Descrizione completa

Salvato in:
Dettagli Bibliografici
Autore principale: Tumašev, A.
Natura: Capitolo di libro
Lingua:russo
Soggetti:
Tags: Aggiungi Tag
Nessun Tag, puoi essere il primo ad aggiungerne!!

MARC

LEADER 00000naa a2200000 4500
001 r006804
005 20221130102838.3
041 0 |a rus 
044 |a [SU] 
245 1 0 |a Akcionernyje obščestva: suščnost' i pervyj opyt.  |c A. Tumašev 
520 |a Podstata účastinnej spoločnosti, účastinného kapitálu, dividend, obligácií. Charakteristika riadenia účastinnej spoločnosti, úlohy a zainteresovanosti manažérov. Zakladanie a rozvoj účastinných firiem v ZSSR. Sociálno-ekonomická a technická zložitosť premeny štátnych podnikov na účastinné spoločnosti. Negatívne črty - účastinné spoločnosti zakladajú ministerstvá, ktoré získavajú kontrolné balíky, čo nevedie k odstráneniu monopolnej štruktúry ekonomiky. 
610 2 0 |a spoločnosti akciové 
610 2 0 |a dividendy 
610 2 0 |a obligácie 
610 2 0 |a pracovníci vedúci 
610 2 0 |a ZSSR 
610 2 0 |a riadenie podnikové 
100 1 |a Tumašev, A.